Statistics for Oldest NBA Players Ever

Click here to take the quiz!

General Stats

  • This quiz has been taken 76 times
  • The average score is 8 of 20

Answer Stats

AgePointsTeam(s)Answer% Correct
43 y. 45 d.25,728Raptors, Nets, Magic, Suns,
Mavericks, Grizzlies, Kings, Hawks
Vince Carter
91%
40 y. 325 d.36,928Jazz, LakersKarl Malone
77%
41 y. 305 d.6,559HeatUdonis Haslem
74%
42 y. 6 d.38,387Bucks, LakersKareem Abdul-Jabbar
72%
40 y. 295 d.31,560MavericksDirk Nowitzki
68%
41 y. 35 d.19,711JazzJohn Stockton
64%
40 y. 270 d.14,043SpursManu Ginobili
55%
43 y. 254 d.23,334Warriors, Celtics, Hornets, BullsRobert Parish
49%
41 y. 150 d.16,960Celtics, RoyalsBob Cousy
33%
42 y. 300 d.11,729Nuggets, Hawks, 76ers, Nets,
Knicks, Rockets
Dikembe Mutombo
32%
44 y. 224 d.17,253Hawks, Heat, Warriors, Rockets,
Raptors, Nuggets, Spurs, Mavericks
Kevin Willis
30%
40 y. 176 d.20,407Celtics, Suns, Hawks, Nets, Heat,
Jazz, Rockets
Joe Johnson
29%
40 y. 210 d.17,137Pistons, Magic, Suns, ClippersGrant Hill
19%
41 y. 30 d.1,82676ers, Bulls, Bullets, Pistons,
Rockets
Charles Jones
17%
41 y. 129 d.11,944Pacers, Mavericks, Knicks, RaptorsHerb Williams
14%
45 y. 363 d.2SteamrollersNat Hickey
9%
40 y. 225 d.18,881Hawks, Mavericks, Celtics, Nets,
Rockets, Bucks
Jason Terry
7%
40 y. 187 d.14,862Lakers, Pacers, Cavaliers, Suns,
Pistons, Clippers, Trail Blazers, Bulls
James Edwards
6%
40 y. 244 d.7,763Bullets, Pistons, 76ers, NetsRick Mahorn
6%
40 y. 235 d.12,131Pistons, Pacers, Hawks, RaptorsJohn Long
3%

Score Distribution

Percentile by Number Answered

Percent of People with Each Score

Your Score History

You have not taken this quiz